Statistics for Real Madrid Top Ten Goalscorers Ever

Click here to take the quiz!

General Stats

  • This quiz has been taken 223 times
  • The average score is 6 of 10

Answer Stats

GoalsPlayer% Correct
414Ronaldo
99%
323Raúl
94%
182Benzema
90%
308Di Stéfano
79%
242Puskás
70%
208Sánchez
46%
171Butragueño
40%
182Gento
38%
172Pirri
25%
290Santillana
22%

Score Distribution

Percentile by Number Answered

Percent of People with Each Score

Your Score History

You have not taken this quiz